Filosofie. 4., Bůh filosofů /

Hlavní autor: Fuchs, Jiří, 1947-
Jazyk: Čeština
Vydáno: Praha : Krystal OP, 2004
Vydání: 2. vyd.
Témata:
Fyzický popis: 148 s. ; 21 cm
Knihy
Uloženo v:
LEADER 01119nam a2200361 a 4500
001 000803929
003 CZ BrMZK
005 20060207085422.0
007 ta
008 060104s2004 xr fr 000 0 cze
015 |a cnb001413464 
020 |a 80-85929-67-8  |q (brož.) 
035 |a (OCoLC)85117192 
040 |a BOA001  |b cze 
072 7 |a 2-1  |x Přirozená teologie. Náboženská filozofie  |2 Konspekt  |9 5 
080 |a 2-1  |2 MRF 
080 |a 2-14/-15  |2 MRF 
080 |a 101  |2 MRF 
080 |a (048.8)  |2 MRF 
100 1 |a Fuchs, Jiří,  |d 1947-  |7 jn20000810274  |4 aut 
245 1 0 |a Filosofie.  |n 4.,  |p Bůh filosofů /  |c Jiří Fuchs 
246 3 0 |a Bůh filosofů 
250 |a 2. vyd. 
260 |a Praha :  |b Krystal OP,  |c 2004 
300 |a 148 s. ;  |c 21 cm 
504 |a Obsahuje bibliografii 
650 0 7 |a teodicea  |7 ph126540  |2 czenas 
650 0 7 |a Bůh  |7 ph117421  |x filozofické pojetí  |2 czenas 
655 7 |a studie  |7 fd133597  |2 czenas 
910 2 |a BOA001  |b 2-1163.172,4 
990 |a BK 
991 |b 200602  |c NOV 
996 6 |b 2610269022  |c 2-1163.172,4  |l MZK  |r Sklad / do 1 hodiny  |n 0  |p p.v.  |w 000803929  |u 000010  |a 1  |e BOA001  |j MZK50  |s P